000 00461nam a2200193Ia 4500
005 20231003110403.0
008 131103s9999 xx 000 0 und d
020 _a330025511
040 _aLoreto College
041 _aEnglish
082 _aF
_bPLA
100 _aPlaidy,Jean
245 4 _aThe Spanish Bridegroom
_cJean Plaidy
260 _aLondon
_bPan Books
_c1954
300 _a302 p.
650 _aFiction in English
850 _aLCLIB
942 _cBK
999 _c14690
_d65169